Business Development Services : A Review of International Experience. (Record no. 668)

MARC details
005 - DATE AND TIME OF LATEST TRANSACTION
control field 20250314154853.0
020 ## - INTERNATIONAL STANDARD BOOK NUMBER
International Standard Book Number 1 85339 506 4
082 ## - DEWEY DECIMAL CLASSIFICATION NUMBER
Classification number 338.91 LEV
245 ## - TITLE STATEMENT
Title Business Development Services : A Review of International Experience.
260 ## - PUBLICATION, DISTRIBUTION, ETC.
Place of publication, distribution, etc. London,
Name of publisher, distributor, etc. Southampton Row,
Date of publication, distribution, etc. 2000
300 ## - PHYSICAL DESCRIPTION
Extent x,325p.: Ill.;figures,table.
Dimensions 23cm.
700 ## - ADDED ENTRY--PERSONAL NAME
Other authors/Editors JACOB,LEVITSKY.
942 ## - ADDED ENTRY ELEMENTS (KOHA)
Source of classification or shelving scheme Dewey Decimal Classification
Koha item type Books
Holdings
Date last seen Total checkouts Full call number Barcode Cost, replacement price Price effective from Koha item type Lost status Source of classification or shelving scheme Damaged status Not for loan Withdrawn status Home library Current library Shelving location Date acquired Cost, normal purchase price
03/14/2025   338.91 LEV 0000002665 66000.00 03/14/2025 Books   Dewey Decimal Classification       College of Business Education Main Library College of Business Education Main Library General Collection 03/14/2025 21000.00
04/30/2025   658.11 LEV 0000007210 66000.00 04/30/2025 Books   Dewey Decimal Classification       College of Business Education Main Library College of Business Education Main Library General Collection 08/07/2016 21000.00
04/30/2025   658.11 LEV 0000007211 66000.00 04/30/2025 Books   Dewey Decimal Classification       College of Business Education Main Library College of Business Education Main Library General Collection 08/07/2016 21000.00
04/30/2025   658.11 LEV 0000007212 66000.00 04/30/2025 Books   Dewey Decimal Classification       College of Business Education Main Library College of Business Education Main Library General Collection 08/07/2016 21000.00